00433 a2200121 4500001001000000005001700010008004100027245010800068100002800176700002300204773006700227999001700294ART_3511220260410162005.0260409a 10aUsucapión, con especial referencia a los automotores, en el Código Civil y Comercial de la Nación1 aMolina Quiroga, Eduardo1 aViggiola, Lidia E.0 tTemas de derecho civilg- Año 1, Nº 3 (dic. 2015)wREV34778 c31613d31613